000 00828naa a22002537a 4500
001 BR7503445
003 BR-BrBNA
005 20240918173753.0
007 ta
008 230509b bl.||||| |||| 00| 0 por d
040 _aBR-BrBNA
_bpor
_cBiblioteca Nacional de Agricultura
041 _a(Pt)
072 _aF00; F60
_b3575
090 _aF00 BR7503445
100 1 _aMaciel, V. da S.
245 1 _aDeterminacao da umidade das sementes [teor de umidade]
260 3 _aPelotas, RS (Brasil):
_c1975.
500 _aCurso sobre analise de sementes Pelotas, RS (Brasil): 1975. p. 109-113 (BR7503445-AM)F00
650 _aSEMENTE
650 _aTEOR DE UMIDADE
773 0 _tCurso sobre analise de sementes
_wF00 BR7503445
_gPelotas, RS (Brasil), 1975. p. 109-113
909 _a202404
_bLucia
_c55
_dLucia Elande
942 _cAM
_2AGRIS
999 _c306766
_d306766